[Event "63rd ch-RUS HL w"]
[Site "Yekaterinburg RUS"]
[Date "2013.06.24"]
[Round "5.12"]
[White "Adamova, Tuyara"]
[Black "Nasybullina, Alfia"]
[Result "1/2-1/2"]
[WhiteElo "1927"]
[BlackElo "2095"]
[WhiteFideId "24142050"]
[BlackFideId "4132416"]
[EventDate "2013.06.20"]

1. e4 e6 2. d4 d5 3. e5 b6 4. Nf3 Ne7 5. c3 Qd7 6. Bd3 Ba6 7. O-O Nf5 8. Bxa6
Nxa6 9. Qd3 Nb8 10. Nbd2 Be7 11. g4 Nh4 12. Nxh4 Bxh4 13. f4 Be7 14. Rf3 c5 15.
Rh3 Nc6 16. Nf3 cxd4 17. Nxd4 Nxd4 18. cxd4 Rc8 19. Bd2 Rc4 20. Bc3 b5 21. b3
Rc8 22. Bd2 b4 23. Rc1 Rxc1+ 24. Bxc1 Qc6 25. Bd2 Qb6 26. Be3 Qa5 27. Rf3 h5 28.
g5 g6 29. Rf2 Kd7 30. Rc2 Qb6 31. Kf2 a5 32. Rc1 Ra8 33. Qc2 Qb7 34. h4 Ra6 35.
Kf3 Rc6 36. Qxc6+ Qxc6 37. Rxc6 Kxc6 38. Ke2 Kd7 39. Kd3 Ke8 40. Bd2 Kf8 41. Be3 1/2-1/2

[Event "63rd ch-RUS HL w"]
[Site "Yekaterinburg RUS"]
[Date "2013.06.24"]
[Round "5.13"]
[White "Mirzoeva, Elmira"]
[Black "Zasypkina, Evgenia"]
[Result "1-0"]
[WhiteTitle "WGM"]
[WhiteElo "2244"]
[BlackElo "1994"]
[WhiteFideId "4127951"]
[BlackFideId "24102784"]
[EventDate "2013.06.20"]

1. d4 d5 2. c4 e6 3. Nc3 c6 4. Nf3 dxc4 5. e3 b5 6. a4 Bb4 7. Bd2 a5 8. axb5
Bxc3 9. Bxc3 cxb5 10. b3 Bb7 11. bxc4 b4 12. Bb2 Nf6 13. Bd3 Nbd7 14. O-O O-O
15. Nd2 Qc7 16. f3 Rfd8 17. Kh1 Bc6 18. Bc2 Ne8 19. e4 e5 20. d5 Bb7 21. f4 exf4
22. Qg4 Ra6 23. Qxf4 Qxf4 24. Rxf4 f6 25. Bd4 Rda8 26. Ba4 Rd8 27. c5 Bc8 28.
Nc4 Nf8 29. Bb5 Ra8 30. Rff1 Nc7 31. Bc6 Ra6 32. Nxa5 f5 33. Be5 Ne8 34. Bb5
fxe4 35. Bxa6 Bxa6 36. Nc6 Bxf1 37. Nxd8 Bc4 38. d6 Nd7 39. Bd4 Ndf6 40. Bxf6
gxf6 41. d7 Nc7 42. Nc6 Ne6 43. Nxb4 1-0

[Event "63rd ch-RUS HL w"]
[Site "Yekaterinburg RUS"]
[Date "2013.06.24"]
[Round "5.14"]
[White "Poliushkina, Darjia"]
[Black "Monina, Polina"]
[Result "0-1"]
[WhiteElo "1940"]
[BlackElo "1958"]
[WhiteFideId "24186660"]
[BlackFideId "24127019"]
[EventDate "2013.06.20"]

1. e4 e6 2. d4 d5 3. Nd2 Nf6 4. e5 Nfd7 5. c3 c5 6. Bd3 Nc6 7. Ne2 cxd4 8. cxd4
f6 9. Nf4 Nxd4 10. Qh5+ Ke7 11. Ng6+ hxg6 12. exf6+ Nxf6 13. Qxh8 Kf7 14. O-O e5
15. Nb3 Nxb3 16. axb3 Bf5 17. Bxf5 gxf5 18. Bg5 Bc5 19. Qxd8 Rxd8 20. Rad1 Rd6
21. Bxf6 Kxf6 22. Rfe1 a5 23. Kf1 e4 24. f3 Ke5 25. Re2 d4 26. Rc2 b6 27. g4 g6
28. gxf5 gxf5 29. fxe4 fxe4 30. Rc4 d3 31. Re1 Bd4 32. Rc8 Re6 33. Rg8 e3 34.
Rg3 Rf6+ 35. Kg2 Rf2+ 36. Kh3 Ke4 37. Rg4+ Rf4 38. Rg8 d2 39. Rd1 e2 0-1

[Event "63rd ch-RUS HL w"]
[Site "Yekaterinburg RUS"]
[Date "2013.06.26"]
[Round "6.1"]
[White "Bodnaruk, Anastasia"]
[Black "Kovalevskaya, Ekaterina"]
[Result "0-1"]
[WhiteTitle "IM"]
[BlackTitle "IM"]
[WhiteElo "2440"]
[BlackElo "2407"]
[WhiteFideId "4181751"]
[BlackFideId "4116704"]
[EventDate "2013.06.20"]

1. e4 c5 2. Nf3 Nc6 3. d4 cxd4 4. Nxd4 e5 5. Nb5 d6 6. N1c3 a6 7. Na3 b5 8. Nd5
Nge7 9. g3 Nxd5 10. exd5 Nb8 11. c4 Be7 12. Bg2 Nd7 13. b4 O-O 14. O-O Nb6 15.
cxb5 axb5 16. Qb3 Bd7 17. Rd1 Qb8 18. Bf1 Rc8 19. Be3 Qb7 20. Rac1 Rxc1 21. Bxc1
Qa6 22. Be2 Rc8 23. Nb1 Na4 24. Bd2 Bd8 25. Rc1 Rxc1+ 26. Bxc1 Bb6 27. Qc2 g6
28. Na3 f6 29. Bh6 Kf7 30. Qd3 Nb2 31. Qc3 Na4 32. Qd3 Nb2 33. Qc3 Na4 34. Qc2
Ke7 35. h4 Bd4 36. Nxb5 Qb6 37. Nxd4 Qxd4 38. Qc7 Nc3 39. Bf3 Qxb4 40. Kg2 Qc5
41. Qb8 Qc8 42. Qxc8 Bxc8 43. Bd2 Na4 44. g4 Bb7 45. Kg3 Nb6 46. Ba5 Nxd5 47. h5
Ke6 48. Be4 f5 49. Bc2 Nf6 50. hxg6 hxg6 51. gxf5+ gxf5 52. Kh4 f4 53. a4 Be4
54. Bd1 Bd5 55. Bd8 Bc4 56. a5 d5 57. f3 d4 58. Kg5 Nd5 59. a6 Bxa6 60. Bb3 Be2
61. Kg4 Kd6 62. Kf5 Bxf3 63. Ba5 Bg2 64. Be1 d3 65. Kg4 Ne3+ 66. Kh4 Bd5 67.
Bb4+ Ke6 68. Ba4 Nc4 69. Kh3 d2 70. Bb3 Kf5 71. Bxd2 Nxd2 72. Bxd5 e4 73. Kg2
Ke5 74. Bc6 Kd4 75. Kf2 Nc4 76. Ke2 Ne5 77. Bb5 e3 78. Ke1 f3 79. Bf1 Nd3+ 80.
Kd1 Ke5 0-1

[Event "63rd ch-RUS HL w"]
[Site "Yekaterinburg RUS"]
[Date "2013.06.26"]
[Round "6.2"]
[White "Charochkina, Daria"]
[Black "Goryachkina, Aleksandra"]
[Result "0-1"]
[WhiteTitle "WGM"]
[BlackTitle "WGM"]
[WhiteElo "2326"]
[BlackElo "2401"]
[WhiteFideId "4180917"]
[BlackFideId "4147103"]
[EventDate "2013.06.20"]

1. e4 c5 2. Nf3 Nc6 3. Bb5 d6 4. O-O Bd7 5. Re1 a6 6. Bxc6 Bxc6 7. c3 Nf6 8. d4
Bxe4 9. Bg5 Bd5 10. c4 Bxf3 11. Qxf3 e6 12. Bxf6 gxf6 13. dxc5 dxc5 14. Nc3 Be7
15. Qxb7 Qc8 16. Qf3 Rb8 17. Nd5 Rg8 18. Re2 Qb7 19. Rae1 Kf8 20. Qh5 Rg7 21.
Qh6 Kg8 22. Re3 Rg6 23. Qf4 Rd8 24. Rb3 Qd7 25. Nxe7+ Qxe7 26. Rb6 Qd7 27. Qe3
Qc7 28. Qb3 a5 29. Qb5 Qe5 30. Qxa5 Qd4 31. b3 Kh8 32. Ra6 Rdg8 33. g3 Rxg3+ 34.
hxg3 Rxg3+ 35. Kf1 Qd3+ 36. Re2 Rh3 37. Ra8+ Kg7 38. Rg8+ Kxg8 39. Qa8+ Kg7 40.
Qe4 Qd1+ 41. Re1 Qh5 42. Qg2+ Kh6 43. Kg1 Rh4 44. f3 Rh3 45. Rf1 Qh4 0-1

[Event "63rd ch-RUS HL w"]
[Site "Yekaterinburg RUS"]
[Date "2013.06.26"]
[Round "6.3"]
[White "Vasilevich, Irina"]
[Black "Tarasova, Viktoriya"]
[Result "1/2-1/2"]
[WhiteTitle "IM"]
[BlackTitle "WIM"]
[WhiteElo "2370"]
[BlackElo "2292"]
[WhiteFideId "4141296"]
[BlackFideId "4175840"]
[EventDate "2013.06.20"]

1. e4 e5 2. Nf3 Nc6 3. Bc4 Bc5 4. c3 Nf6 5. d3 d6 6. Bb3 Ne7 7. O-O O-O 8. d4
Bb6 9. dxe5 Nxe4 10. Bc2 f5 11. Qe2 d5 12. c4 c6 13. cxd5 cxd5 14. Nc3 h6 15.
Bb3 Be6 16. Na4 Bc7 17. Be3 Nc6 18. Nc5 Nxc5 19. Bxc5 Re8 20. Rad1 Bf7 21. Qd3
Nxe5 22. Qxf5 Be6 23. Qh5 Bf7 24. Qh3 Be6 25. Qh5 Bf7 26. Qf5 Be6 27. Qf4 Nxf3+
28. Qxf3 Bxh2+ 29. Kxh2 Qc7+ 30. Kg1 Qxc5 31. Bxd5 Bxd5 32. Rxd5 Qc6 33. Rfd1
Kh8 34. Qg3 Re7 35. Rd6 Qe4 36. Qc3 Kh7 37. R6d4 Qe6 38. Rd6 Qe4 39. R6d4 Qe6
40. Rd6 Qe4 41. f3 Qe2 42. R6d2 Qe6 1/2-1/2

[Event "63rd ch-RUS HL w"]
[Site "Yekaterinburg RUS"]
[Date "2013.06.26"]
[Round "6.4"]
[White "Ubiennykh, Ekaterina"]
[Black "Kashlinskaya, Alina"]
[Result "0-1"]
[WhiteTitle "WIM"]
[BlackTitle "WGM"]
[WhiteElo "2344"]
[BlackElo "2329"]
[WhiteFideId "4137582"]
[BlackFideId "4198026"]
[EventDate "2013.06.20"]

1. d4 Nf6 2. c4 c5 3. d5 b5 4. cxb5 a6 5. bxa6 d6 6. Nc3 Bxa6 7. e4 Bxf1 8. Kxf1
g6 9. Nf3 Bg7 10. g3 O-O 11. Kg2 Na6 12. Re1 Nd7 13. Bf4 Qb6 14. Rb1 c4 15. Qa4
Qc7 16. Bg5 Rfb8 17. Qc6 Kf8 18. e5 Nxe5 19. Nxe5 Bxe5 20. Bxe7+ Qxe7 21. f4 Nc5
22. fxe5 Nd3 23. e6 Nxe1+ 24. Rxe1 Rxb2+ 25. Kh3 Rab8 26. Rf1 f5 27. Ne4 Kg8 28.
Qxd6 Qg7 29. Nf2 c3 30. Qc6 Qe5 31. Qd7 R2b7 32. Qc6 Rc7 33. Nd3 Rxc6 34. Nxe5
Rd6 35. Rc1 Rc8 36. e7 Rxd5 37. Rxc3 Re8 38. Nc6 Kf7 39. a4 Ke6 40. Rb3 Kd6 41.
Na7 Kxe7 42. Kh4 Ra8 43. Nc6+ Kd6 44. Nb4 Rd4+ 45. Kh3 Rb8 46. Nc2 Rxb3 47. Nxd4
Rb4 48. Nb5+ Ke5 0-1

[Event "63rd ch-RUS HL w"]
[Site "Yekaterinburg RUS"]
[Date "2013.06.26"]
[Round "6.5"]
[White "Pustovidko, Anastasia"]
[Black "Kovanova, Baira"]
[Result "0-1"]
[BlackTitle "WGM"]
[WhiteElo "1905"]
[BlackElo "2371"]
[WhiteFideId "24102547"]
[BlackFideId "4164083"]
[EventDate "2013.06.20"]

1. d4 Nf6 2. c4 e6 3. Bg5 c5 4. Bxf6 Qxf6 5. e3 Be7 6. g3 Nc6 7. Nf3 cxd4 8.
exd4 d5 9. Nc3 dxc4 10. Bxc4 O-O 11. O-O Rd8 12. d5 Bb4 13. Nd2 Bxc3 14. Ne4 Qd4
15. dxc6 Ba5 16. Qxd4 Rxd4 17. cxb7 Bxb7 18. Nc5 Rxc4 19. Nxb7 Bb6 20. a4 Rb4
21. Nd6 Bc5 22. Nb5 Rxb2 23. Rab1 Bxf2+ 24. Kg2 Rxb1 25. Rxb1 Bb6 26. a5 Bxa5
27. Nxa7 g6 28. Nc6 Bc3 29. Rb3 Bf6 30. Kf3 Kg7 31. g4 Ra2 32. h3 Rc2 33. Nb8
Rc3+ 34. Rxc3 Bxc3 35. g5 h5 36. gxh6+ Kxh6 37. Nd7 f5 38. h4 e5 39. Kg3 e4 40.
Nb6 Be1+ 41. Kh3 Kh5 42. Nd5 Bxh4 43. Nf4+ Kh6 0-1

[Event "63rd ch-RUS HL w"]
[Site "Yekaterinburg RUS"]
[Date "2013.06.26"]
[Round "6.6"]
[White "Drozdova, Dina"]
[Black "Romanko, Marina"]
[Result "1/2-1/2"]
[WhiteTitle "WIM"]
[BlackTitle "IM"]
[WhiteElo "2315"]
[BlackElo "2368"]
[WhiteFideId "4170695"]
[BlackFideId "4149351"]
[EventDate "2013.06.20"]

1. e4 c6 2. Nf3 d5 3. Nc3 Bg4 4. h3 Bxf3 5. Qxf3 e6 6. d3 Nd7 7. Bd2 Bc5 8. Qg3
Bd4 9. f4 Ne7 10. Qf3 a5 11. h4 a4 12. h5 Qb6 13. Rb1 Qc5 14. Nd1 Qa7 15. Ne3
Bb6 16. g3 d4 17. Ng4 Ba5 18. Qe2 Bxd2+ 19. Qxd2 Qc5 20. Nf2 e5 21. Be2 Qd6 22.
Bf3 c5 23. c3 Nc6 24. Kf1 h6 25. Kg2 O-O 26. a3 b5 27. cxd4 Nxd4 28. Rbd1 Rab8
29. Ng4 b4 30. Ne3 Nb6 31. Nf5 Nxf5 32. exf5 Nd7 33. Rh4 Rfd8 34. Qc2 bxa3 35.
bxa3 Qd4 36. Rd2 Nf6 37. fxe5 Qxe5 38. Rxa4 Qxf5 39. Rf4 Qg5 40. Rf2 Nd5 41.
Bxd5 Qxd5+ 42. R2f3 Qxh5 43. Rf5 Qg6 44. Rxc5 Re8 45. a4 Qe6 46. Qf2 Rb1 47. Rc7
f6 48. Rc2 Ra1 49. Rf4 Qb3 50. Qc5 Qb1 51. Kh3 Re5 52. Qc6 Rh5+ 53. Kg4 Qd1+ 54.
Rf3 Rg5+ 55. Kf4 h5 56. Qa8+ Kh7 57. Qe4+ g6 58. Rc7+ Kh6 59. Rh7+ Kxh7 60. Qe7+ 1/2-1/2

[Event "63rd ch-RUS HL w"]
[Site "Yekaterinburg RUS"]
[Date "2013.06.26"]
[Round "6.7"]
[White "Sazonova, Anastasia"]
[Black "Ivakhinova, Inna"]
[Result "0-1"]
[WhiteTitle "WFM"]
[BlackTitle "WGM"]
[WhiteElo "2108"]
[BlackElo "2291"]
[WhiteFideId "24131008"]
[BlackFideId "4185641"]
[EventDate "2013.06.20"]

1. e4 c5 2. Nf3 d6 3. d4 cxd4 4. Nxd4 Nf6 5. Nc3 a6 6. h3 e6 7. g4 d5 8. exd5
Nxd5 9. Nde2 Bb4 10. Bg2 O-O 11. O-O Nxc3 12. Nxc3 Qc7 13. Be3 Bd7 14. Ne4 Bc6
15. Qd4 Be7 16. Rfd1 Nd7 17. c4 Rfd8 18. Qc3 Nf6 19. Ng3 Bxg2 20. Kxg2 Qc6+ 21.
Kg1 Rac8 22. Rxd8+ Rxd8 23. Bd4 Bb4 24. Qe3 Ne8 25. b3 Be7 26. Nh5 Bg5 27. Qc3
g6 28. Ng3 Bf4 29. Ne2 Bb8 30. Qe3 Qd6 31. f4 f6 32. Rf1 Bc7 33. Bc5 Qd7 34. Nc3
Kf7 35. Re1 Ng7 36. Rd1 Qc6 37. Re1 Bxf4 38. Qxf4 Qxc5+ 39. Qe3 Qxe3+ 40. Rxe3
Rd2 41. Ne4 Rd7 42. c5 Ke7 43. Nd6 f5 44. Kg2 Rc7 45. b4 b6 46. Rc3 bxc5 47.
bxc5 e5 48. Kf3 Ke6 49. Ke3 Kd5 50. a3 Rxc5 51. Rd3+ Ke6 52. Nb7 Rc7 53. Na5 f4+
54. Kf3 Ne8 55. Nb3 Nd6 56. Nd2 g5 57. Rb3 Rc2 58. Rd3 h6 0-1

[Event "63rd ch-RUS HL w"]
[Site "Yekaterinburg RUS"]
[Date "2013.06.26"]
[Round "6.8"]
[White "Balaian, Alina"]
[Black "Iljushina, Olga"]
[Result "1-0"]
[WhiteTitle "WIM"]
[BlackTitle "WGM"]
[WhiteElo "2237"]
[BlackElo "2334"]
[WhiteFideId "24115347"]
[BlackFideId "4152280"]
[EventDate "2013.06.20"]

1. e4 c5 2. Nf3 Nc6 3. d4 cxd4 4. Nxd4 Nf6 5. Nc3 d6 6. Bc4 e6 7. Be3 Be7 8. Bb3
a6 9. f4 Qa5 10. O-O O-O 11. Qf3 Nxd4 12. Bxd4 e5 13. Be3 Bg4 14. Qf2 exf4 15.
Qxf4 Be6 16. Rad1 Rac8 17. Bd4 Qh5 18. Nd5 Nxd5 19. exd5 Bg4 20. Rde1 Rfe8 21.
h3 Bd7 22. Bxg7 Kxg7 23. Rxe7 Rxe7 24. Qf6+ Kg8 25. Qxe7 Bb5 26. Rf3 Qg6 27. c4
Bxc4 28. Bxc4 Rxc4 29. Kh2 Rc1 30. Qe3 Rc2 31. Rg3 Rxb2 32. Rxg6+ hxg6 33. Qe8+
Kg7 34. Qe7 Rxa2 35. Qxd6 b5 36. Qe5+ 1-0

[Event "63rd ch-RUS HL w"]
[Site "Yekaterinburg RUS"]
[Date "2013.06.26"]
[Round "6.9"]
[White "Rodionova, Daria"]
[Black "Dordzhieva, Dinara"]
[Result "1-0"]
[WhiteTitle "WFM"]
[BlackTitle "WC"]
[WhiteElo "2109"]
[BlackElo "2081"]
[WhiteFideId "24136638"]
[BlackFideId "24157570"]
[EventDate "2013.06.20"]

1. e4 c5 2. Nf3 Nc6 3. d4 cxd4 4. Nxd4 Qb6 5. Nb3 Nf6 6. Nc3 e6 7. Qe2 Bb4 8.
Bd2 O-O 9. a3 Be7 10. O-O-O d5 11. exd5 Nxd5 12. Nxd5 exd5 13. Be3 Qc7 14. Kb1
Be6 15. h4 Rac8 16. Bg5 Bd6 17. Qd2 d4 18. Bd3 f6 19. Qe2 Qf7 20. Bc1 Rfe8 21.
Qf1 a6 22. h5 b5 23. Rh4 Bxb3 24. cxb3 Qxb3 25. Bc2 Qc4 26. Bd3 Qf7 27. Bf5 Rc7
28. Qd3 Ne5 29. Qh3 Bc5 30. f4 Nc4 31. Qd3 h6 32. Bg6 Qe7 33. Rhh1 Rf8 34. Rhe1
Qd8 35. Bf5 Nd6 36. Be6+ Kh8 37. g4 f5 38. gxf5 Qf6 39. Rg1 Qh4 40. Rh1 Qe7 41.
Rde1 Qd8 42. Re2 Re7 43. Rc2 Qa8 44. Re1 Bb6 45. Rce2 Rc7 46. f6 gxf6 47. f5 Nf7
48. Bxf7 Rcxf7 49. Re6 Ba5 50. Rg1 Qd5 51. Bxh6 Rc8 52. Rxf6 Rh7 53. Rfg6 Bc3
54. Bg7+ Rxg7 55. Rxg7 Qb3 56. R7g2 Re8 57. f6 Qd5 58. Rg7 Re4 59. Rg8+ 1-0

[Event "63rd ch-RUS HL w"]
[Site "Yekaterinburg RUS"]
[Date "2013.06.26"]
[Round "6.10"]
[White "Nasybullina, Alfia"]
[Black "Sukhareva, Evgeniya"]
[Result "1-0"]
[WhiteElo "2095"]
[BlackElo "2248"]
[WhiteFideId "4132416"]
[BlackFideId "4167155"]
[EventDate "2013.06.20"]

1. d4 d5 2. c4 e6 3. Nf3 c6 4. Nbd2 Nf6 5. g3 Nbd7 6. Bg2 b6 7. O-O Bb7 8. Re1
Be7 9. e4 dxe4 10. Nxe4 Nxe4 11. Rxe4 O-O 12. Re2 Nf6 13. Ne5 Qc8 14. Be3 Nd7
15. Nxd7 Qxd7 16. Qc2 Rfd8 17. Rd1 b5 18. b3 a5 19. Qe4 Ra7 20. Qg4 Ra6 21. Bg5
a4 22. Bxe7 Qxe7 23. c5 axb3 24. axb3 Ra3 25. Qf3 b4 26. Qe3 Ba6 27. Rb2 Qxc5
28. dxc5 Rxd1+ 29. Bf1 Rxf1+ 30. Kg2 Rd1 31. Rd2 Bf1+ 32. Kg1 Raa1 33. Qe1 Be2
34. Kg2 Rxd2 35. Qxa1 Rd8 36. Qa5 Rc8 37. Qxb4 Bb5 38. h4 h6 39. Qd4 Ra8 40. Qd7
e5 41. Qe7 f6 42. g4 Kh7 43. Qf7 Bd3 44. Kf3 Rb8 45. Ke3 Bf1 46. f3 Rb4 47. g5
hxg5 48. hxg5 fxg5 49. Qf5+ Kh6 50. Kf2 Bb5 51. Qxe5 Rf4 52. Kg3 Rf6 53. Qe8 Bd3
54. Qd8 Bb5 55. Qg8 Rf4 56. Qe6+ Rf6 57. Qh3+ Kg6 58. Kf2 Bd3 59. Ke3 Bb5 60.
Qd7 Kh6 61. Qe7 Kg6 62. Qe4+ Kh6 63. Kf2 Ba6 64. Kg3 Bb5 65. Qe3 Ba6 66. Qd2 Bc8
67. Qd3 Be6 68. b4 Bd5 69. b5 Rf4 70. b6 Rf7 71. Qe3 g6 72. Kg4 Kh7 73. Kxg5 Rg7
74. Qe5 Rf7 75. Qh2+ Kg8 76. Qe5 Kh7 77. Qf6 1-0

[Event "63rd ch-RUS HL w"]
[Site "Yekaterinburg RUS"]
[Date "2013.06.26"]
[Round "6.12"]
[White "Monina, Polina"]
[Black "Egorova, Ayyyna"]
[Result "1-0"]
[BlackTitle "WC"]
[WhiteElo "1958"]
[BlackElo "1991"]
[WhiteFideId "24127019"]
[BlackFideId "24136611"]
[EventDate "2013.06.20"]

1. d4 f5 2. g3 Nf6 3. Bg2 g6 4. Nf3 Bg7 5. O-O O-O 6. c3 d6 7. Qb3+ d5 8. Ne5
Nc6 9. Nd2 Qd6 10. Ndf3 Nh5 11. Bf4 Nxf4 12. gxf4 e6 13. e3 b6 14. Rfd1 a5 15.
c4 Ne7 16. Rac1 Qb4 17. Qc2 c6 18. a3 Qd6 19. c5 bxc5 20. Qxc5 Qxc5 21. Rxc5 Bb7
22. Rdc1 h6 23. h4 Rfd8 24. Bf1 Bf8 25. Be2 Kg7 26. Kf1 Nc8 27. Nxc6 Rd7 28.
Nce5 Bxc5 29. Nxd7 Bd6 30. Nc5 Bxc5 31. dxc5 Ne7 32. Nd4 Bc8 33. b4 axb4 34.
axb4 g5 35. hxg5 hxg5 36. b5 Rb8 37. b6 Kf6 38. Bb5 gxf4 39. exf4 e5 40. fxe5+
Kxe5 41. Rd1 f4 42. Ke2 Kf6 43. Kd3 Ng6 44. Kc3 Ne5 45. Kb4 Bg4 46. Rd2 Bh3 47.
Nc6 Nxc6+ 48. Bxc6 Be6 49. Bxd5 Rd8 50. c6 1-0

[Event "63rd ch-RUS HL w"]
[Site "Yekaterinburg RUS"]
[Date "2013.06.26"]
[Round "6.13"]
[White "Saunina, Ludmila"]
[Black "Adamova, Tuyara"]
[Result "1/2-1/2"]
[WhiteTitle "WGM"]
[WhiteElo "2208"]
[BlackElo "1927"]
[WhiteFideId "4108698"]
[BlackFideId "24142050"]
[EventDate "2013.06.20"]

1. d4 d5 2. c4 e6 3. Nc3 Nf6 4. cxd5 exd5 5. Bg5 Be7 6. e3 O-O 7. Qc2 c6 8. Bd3
Nbd7 9. Nf3 h6 10. Bh4 Re8 11. O-O Ne4 12. Bxe7 Qxe7 13. Rab1 Ng5 14. Nd2 Nf6
15. b4 a6 16. a4 Qd6 17. Rfe1 Ng4 18. Nf1 Bd7 19. f3 Nf6 20. Qf2 Rad8 21. Qg3
Qe7 22. Qc7 Rb8 23. Ng3 Ne6 24. Qe5 Qf8 25. Bc2 Ng5 26. Qf4 Ne6 27. Qe5 Ng5 28.
Qc7 Ne6 29. Qb6 Bc8 30. b5 Nd7 31. Qa5 Nxd4 32. bxc6 Nxc6 33. Qxd5 Nb4 34. Qd2
Nxc2 35. Qxc2 Nf6 36. Nce4 Nxe4 37. Nxe4 Qe7 38. Qc5 Qd7 39. a5 Qe6 40. Rb6 Qe5
41. Qb4 Qc7 42. Qd6 Qxd6 43. Nxd6 Re5 44. Rc1 Be6 45. Rxb7 Rxb7 46. Nxb7 Rxe3
47. Rc6 Bd5 48. Rc8+ Kh7 49. Nd6 Ra3 50. Rc5 Be6 51. Kf2 Ra4 52. Kg3 g5 53. Nf5
Bxf5 54. Rxf5 Kg6 55. Rc5 f6 56. h3 h5 57. h4 gxh4+ 58. Kh3 Kh6 59. Rd5 Kg6 60.
Rc5 Kh6 61. Rd5 1/2-1/2

[Event "63rd ch-RUS HL w"]
[Site "Yekaterinburg RUS"]
[Date "2013.06.26"]
[Round "6.14"]
[White "Korchagina, Viktoria"]
[Black "Poliushkina, Darjia"]
[Result "1-0"]
[WhiteTitle "WFM"]
[WhiteElo "2068"]
[BlackElo "1940"]
[WhiteFideId "4197224"]
[BlackFideId "24186660"]
[EventDate "2013.06.20"]

1. e4 e6 2. d4 d5 3. Nc3 Nf6 4. Bg5 Bb4 5. exd5 Qxd5 6. Bxf6 gxf6 7. Ne2 c5 8.
a3 Bxc3+ 9. Nxc3 Qxd4 10. Qxd4 cxd4 11. Nb5 Na6 12. Nxd4 Nc7 13. Bd3 Bd7 14.
O-O-O O-O-O 15. c4 Ba4 16. Bc2 Bxc2 17. Kxc2 Rhg8 18. g3 h5 19. Kc3 Kb8 20. b4
Rc8 21. Kb3 a6 22. Rd3 Ne8 23. Nc2 f5 24. Rd7 Rc7 25. Rd8+ Rc8 26. Rxc8+ Kxc8
27. b5 axb5 28. cxb5 Nd6 29. a4 Ne4 30. a5 Rd8 31. Nb4 Rd6 32. Rc1+ Kb8 33. b6
Nf6 34. Rc7 Nd7 35. Ka4 f6 36. Kb5 e5 37. Rc1 e4 38. Rc7 f4 39. gxf4 f5 40. h4
Nf8 41. a6 1-0

[Event "63rd ch-RUS HL w"]
[Site "Yekaterinburg RUS"]
[Date "2013.06.27"]
[Round "7.1"]
[White "Kashlinskaya, Alina"]
[Black "Goryachkina, Aleksandra"]
[Result "1/2-1/2"]
[WhiteTitle "WGM"]
[BlackTitle "WGM"]
[WhiteElo "2329"]
[BlackElo "2401"]
[WhiteFideId "4198026"]
[BlackFideId "4147103"]
[EventDate "2013.06.20"]

1. d4 d5 2. c4 c6 3. Nc3 Nf6 4. Nf3 dxc4 5. a4 Bf5 6. e3 e6 7. Bxc4 Bb4 8. O-O
Nbd7 9. Qe2 Bg6 10. e4 O-O 11. Bd3 Rc8 12. Rd1 h6 13. h3 Qc7 14. Nh4 Bh7 15. e5
Nd5 16. Qg4 f5 17. exf6 N7xf6 18. Qxe6+ Qf7 19. Qxf7+ Rxf7 20. Bc4 Bxc3 21. bxc3
Ne4 22. Nf3 Nexc3 23. Re1 Kh8 24. Ne5 Rf6 25. f3 Nb4 26. Nf7+ Rxf7 27. Bxf7 Nc2
28. Bd2 Nxe1 29. Rxe1 Nxa4 30. Re7 b5 31. Rxa7 Bg8 32. Bxg8 Kxg8 33. Bf4 Rf8 34.
Be5 Rf7 35. Ra8+ Kh7 36. Rc8 Rb7 37. Rxc6 b4 38. d5 b3 39. Rc1 Rb5 40. Rc7 h5
41. Rxg7+ Kh6 42. g4 hxg4 43. Rxg4 Nb6 44. Bg7+ Kh7 45. Bb2 Nxd5 46. Rg5 Kh6 47.
f4 Rc5 48. Ba3 Ra5 49. Bf8+ Kh7 50. Rg7+ Kh8 51. Rb7 Nxf4 52. Rxb3 Rg5+ 53. Kh1
Rh5 54. Kh2 Rxh3+ 1/2-1/2

[Event "63rd ch-RUS HL w"]
[Site "Yekaterinburg RUS"]
[Date "2013.06.27"]
[Round "7.2"]
[White "Kovanova, Baira"]
[Black "Bodnaruk, Anastasia"]
[Result "1/2-1/2"]
[WhiteTitle "WGM"]
[BlackTitle "IM"]
[WhiteElo "2371"]
[BlackElo "2440"]
[WhiteFideId "4164083"]
[BlackFideId "4181751"]
[EventDate "2013.06.20"]

1. d4 Nf6 2. c4 g6 3. Nf3 Bg7 4. Nc3 O-O 5. h3 d6 6. Bf4 c5 7. d5 b5 8. cxb5 a6
9. bxa6 Qa5 10. Qd2 Bxa6 11. e4 Bxf1 12. Kxf1 Nbd7 13. g3 Rfb8 14. Kg2 Qb4 15.
Rab1 Nb6 16. a3 Qb3 17. Qe2 Na4 18. e5 Nh5 19. Bd2 dxe5 20. Nxe5 Nxc3 21. Bxc3
Qxd5+ 22. Qf3 Qxf3+ 23. Kxf3 Rb3 24. Rhe1 Nf6 25. Nd3 c4 26. Nc1 Rb7 27. Ne2 Nd5
28. Bxg7 Kxg7 29. Rec1 Rb3+ 30. Ke4 Ra5 31. Nc3 Nxc3+ 32. bxc3 Rbxa3 33. Kd4 Ra2
34. f4 Rg2 35. Rg1 Rf2 36. Kxc4 Kf6 37. Kb4 Ra8 38. Rbc1 Rb2+ 39. Kc4 e6 40.
Rcd1 Rc8+ 41. Kd3 Rd8+ 42. Ke3 Rc8 43. Kd3 Rd8+ 44. Ke3 Rc8 1/2-1/2

[Event "63rd ch-RUS HL w"]
[Site "Yekaterinburg RUS"]
[Date "2013.06.27"]
[Round "7.3"]
[White "Kovalevskaya, Ekaterina"]
[Black "Charochkina, Daria"]
[Result "0-1"]
[WhiteTitle "IM"]
[BlackTitle "WGM"]
[WhiteElo "2407"]
[BlackElo "2326"]
[WhiteFideId "4116704"]
[BlackFideId "4180917"]
[EventDate "2013.06.20"]

1. Nf3 d5 2. c4 d4 3. g3 Nc6 4. Bg2 e5 5. O-O Nf6 6. d3 a5 7. e3 Bc5 8. e4 h6 9.
Na3 O-O 10. Nc2 Ne8 11. Nh4 Be7 12. Nf5 Bxf5 13. exf5 Bg5 14. f4 exf4 15. Bxf4
Nd6 16. Qd2 Bf6 17. g4 Ne5 18. Bxe5 Bxe5 19. Rae1 Bf6 20. c5 Bg5 21. Qd1 Ne8 22.
Bxb7 Rb8 23. Qf3 Nf6 24. h3 Nd7 25. c6 Nb6 26. Re4 Qd5 27. b3 Qc5 28. Qf2 Nd5
29. Kh1 Qc3 30. Rxd4 Ne3 31. Nxe3 Qxd4 32. Nc4 Qxd3 33. Qf3 Qc2 34. Qg2 Qc3 35.
Qf3 Qb4 36. Qd5 a4 37. Qa5 Qe7 38. Re1 Qd8 39. Qc3 Qd5+ 40. Kg1 Rfe8 41. Rf1 Re2
42. Qf3 Qd4+ 43. Kh1 Rxa2 0-1

[Event "63rd ch-RUS HL w"]
[Site "Yekaterinburg RUS"]
[Date "2013.06.27"]
[Round "7.6"]
[White "Romanko, Marina"]
[Black "Ubiennykh, Ekaterina"]
[Result "1-0"]
[WhiteTitle "IM"]
[BlackTitle "WIM"]
[WhiteElo "2368"]
[BlackElo "2344"]
[WhiteFideId "4149351"]
[BlackFideId "4137582"]
[EventDate "2013.06.20"]

1. d4 Nf6 2. c4 g6 3. Nc3 Bg7 4. e4 d6 5. f3 O-O 6. Nge2 c5 7. Be3 Nc6 8. d5 Ne5
9. Ng3 h5 10. Be2 h4 11. Nf1 e6 12. Nd2 exd5 13. cxd5 Bd7 14. h3 b5 15. f4 Nc4
16. Bxc4 bxc4 17. O-O Qe7 18. Qf3 Rab8 19. Rab1 Rfe8 20. Rfe1 Nh5 21. f5 Ng3 22.
Bf2 gxf5 23. exf5 Qg5 24. Nxc4 Nxf5 25. Rxe8+ Rxe8 26. Ne4 Qg6 27. Re1 Nd4 28.
Qd3 Bb5 29. b3 Be5 30. Bxh4 f5 31. Ned2 Kh8 32. Kh1 Rg8 33. Qf1 Qh6 34. Qf2 Bf4
35. Bf6+ Qxf6 36. Qxf4 Rg6 37. Nf3 Nxf3 38. Qxf3 Bd7 39. Qf4 Kg8 40. Kh2 Qf7 41.
Rd1 Qe7 42. Rd3 Rf6 43. Rg3+ Kf8 44. Qh4 Ke8 45. Re3 Be6 46. Qxf6 1-0